Closest Countries to Finland - Statistics

General Stats
  • This quiz has been taken 147 times
  • The average score is 23 of 25
Answer Stats
km Answer % Correct
0 Russia
100%
0 Sweden
100%
57.31 Estonia
99%
0 Norway
99%
702.45 Denmark
98%
211.54 Latvia
98%
379.13 Lithuania
98%
484.36 Belarus
95%
829.85 Germany
95%
633.19 Poland
95%
876.33 Ukraine
94%
1,300.30 Austria
93%
1,136.31 Netherlands
91%
1,370.97 Belgium
90%
1,471.24 France
90%
1,445.24 Luxembourg
90%
1,297.38 Romania
90%
1,252.91 Hungary
89%
1,156.15 Slovakia
89%
1,107.10 Czech Republic
88%
1,562.34 Switzerland
88%
1,281.36 Moldova
85%
1,176.42 United Kingdom
84%
1,472.02 Slovenia
81%
1,593.63 Liechtenstein
80%
No matching quizzes found
Score Distribution
Percent of People with Each Score
Percentile by Number Answered
Your Score History
You have not taken this quiz